De l'esprit des lois
সংরক্ষণ করুন:
| প্রধান লেখক: | |
|---|---|
| বিন্যাস: | গ্রন্থ |
| ভাষা: | ফরাসি |
| প্রকাশিত: |
París
Editions Sociales
1969
|
| বিষয়গুলি: | |
| ট্যাগগুলো: |
ট্যাগ যুক্ত করুন
কোনো ট্যাগ নেই, প্রথমজন হিসাবে ট্যাগ করুন!
|
MARC
| LEADER | 00000nam a2200000 a 4500 | ||
|---|---|---|---|
| 001 | UCY7400 | ||
| 003 | CL-VaPUC | ||
| 005 | 20241021150657.0 | ||
| 008 | 950614e19690000FR |||||||||||||||||fre|d | ||
| 999 | |c 234801 |d 234799 | ||
| 040 | |c Pontificia Universidad Católica de Valparaíso | ||
| 082 | 0 | 4 | |a 340.13 |b MON |2 21 |
| 100 | |a Montesquieu, Charles Louis de Secondat, Barón de |e autor |9 515729 | ||
| 245 | 1 | 0 | |a De l'esprit des lois |
| 260 | |a París |b Editions Sociales |c 1969 | ||
| 300 | |a 333 p | ||
| 583 | |a last modification |c 19950614 00:00:00 |k Rodrigo Vera | ||
| 650 | 0 | |a Filosofía del derecho |9 255050 | |
| 650 | 0 | |a Formación de la ley |9 337922 | |
| 942 | |c BK |2 ddc | ||
| 945 | |d 19950614 00:00:00 |a aalvarez | ||
| 952 | |0 0 |1 0 |4 0 |6 340_130000000000000_MON_1969 |7 0 |8 A |9 241512 |a BIBDER |b BIBDER |d 2019-11-18 |i 2007487 |l 1 |o 340.13 MON 1969 |p 2007487 |r 2024-10-21 |s 2024-10-21 |w 2019-11-18 |y BK |k DER | ||